000 00243nam a2200097Ia 4500
003 GCL
008 140319s9999 xx 000 0 ara d
040 _aGCL /
_cGCL
082 0 4 _a4 ؤ orV ؤ R >f ؤ
245 1 0 _a">> ؤ ذ ذQ
_ ؤ "" ذQ? ؤ F ذQ"
999 _c27479
_d27479